Discographie tif - Statistiques

Statistiques générales
  • Ce quiz a été pris 42 fois
  • Le résultat moyen est 17 sur 33
Statistiques - réponses
Hint Réponse % Correct
1.6 hinata
87%
1.6 shadow boxing
80%
1.6 1.6
77%
1.6 amnesia
73%
plk la nuit
73%
1.6 demain c'est b3id
70%
sdm helas
70%
1.6 mathusalem
70%
zamdane noum
70%
HSM .38
60%
vacra no way
60%
HSM bzmor
57%
HSM hsh
57%
single nothing personal
57%
HSM vent du nord
57%
1.6 no party
53%
HSM emoji dz
50%
1.6 il est 2h et tu me manques
50%
kekra tango hawai
50%
1.6 bye 3assima
47%
rilès obvious
47%
younès harraga
43%
single maylin
43%
HSM saro
40%
HSM bimo
37%
HSM opop
37%
1.6 s12
37%
rimk tant pis
37%
HSM 3iniya
33%
saint levant forgive me
33%
shaz yoda
33%
HSM overseas
27%
younès kilometre
23%
Aucun quiz correspondant
Distribution des résultats
% des personnes avec chaque résultat
Percentile par nombre de réponses
Votre historique - résultats
Vous n’avez pas pris ce quiz